Statistiques concernant Les équipes de la Coupe du Monde 2022 (image)

Cliquez ici pour prendre le quiz!

Statistiques générales

  • Ce quiz a été pris 93 fois
  • Le résultat moyen est 29 sur 32

Statistiques - réponses

Réponse% Correct
France
100%
Argentine
99%
Brésil
99%
Croatie
99%
Japon
99%
Portugal
99%
Angleterre
97%
Belgique
97%
Corée du Sud
97%
Espagne
97%
Maroc
97%
Pays-Bas
97%
Allemagne
96%
États-Unis
96%
Danemark
95%
Australie
93%
Pologne
93%
Sénégal
93%
Uruguay
93%
Arabie Saoudite
91%
Mexique
91%
Pays de Galles
91%
Cameroun
89%
Tunisie
89%
Canada
88%
Suisse
88%
Ghana
86%
Qatar
83%
Iran
82%
Équateur
79%
Serbie
78%
Costa Rica
72%

Distribution des résultats

Percentile par nombre de réponses

% des personnes avec chaque résultat

Votre développement - résultats

Vous n’avez pas pris ce quiz